日本のダムランキング - Statistics

General Stats
  • This quiz has been taken 3 times
  • The average score is 8 of 22
Answer Stats
順位 堤高 都道府県 Answer % Correct
1位 186m 富山 黒部
100%
5位 157m 福島/新潟 奥只見
100%
2位 6.0億m3 福島/新潟 奥只見
100%
3位 161m 岐阜 徳山
67%
1位 6.6億m3 岐阜 徳山
67%
5位 3.7億m3 岐阜 御母衣
67%
4位 158m 群馬 奈良俣
33%
6位 156m 埼玉 浦山
33%
6位 156m 広島 温井
33%
7位 155.5m 静岡/愛知 佐久間
33%
3位 4.9億m3 福島 田子倉
33%
4位 4.3億m3 北海道 夕張シューパロ
33%
6位 3.5億m3 福井 九頭竜
33%
7位 3.4億m3 静岡 佐久間
33%
9位 3.2億m3 高知 早明浦
33%
2位 176m 長野 高瀬
0%
6位 156m 神奈川 宮ヶ瀬
0%
8位 155m 長野 奈川渡
0%
9位 153m 石川 手取川
0%
10位 149m 東京 小河内
0%
8位 3.4億m3 奈良 池原
0%
10位 2.6億m3 宮崎 一ツ瀬
0%
No matching quizzes found
Score Distribution
Percent of People with Each Score
Percentile by Number Answered
Your Score History
You have not taken this quiz